000
00300pab a2200121 454500
008
180718b xxu||||| |||| 00| 0 eng d
100
_a
Majindar, Udayan
245
_a
Urban decay - the elusive social justice
650
_a
Calcutta
650
_a
Cities and Towns
773
_a
Statesman
909
_a
23347
999
_c
23347
_d
23347